Virtual enterprise : an introduction (Record no. 181427)

MARC details
000 -LEADER
fixed length control field 00392nam a2200157Ia 4500
005 - DATE AND TIME OF LATEST TRANSACTION
control field 20250311134229.0
008 - FIXED-LENGTH DATA ELEMENTS--GENERAL INFORMATION
fixed length control field 231217s9999 xx 000 0 und d
020 ## - INTERNATIONAL STANDARD BOOK NUMBER
International Standard Book Number 9788178815596
082 ## - DEWEY DECIMAL CLASSIFICATION NUMBER
Classification number 650 JAY;1
100 ## - MAIN ENTRY--PERSONAL NAME
Personal name Jaya Krishna, S.
245 #0 - TITLE STATEMENT
Title Virtual enterprise : an introduction
260 ## - PUBLICATION, DISTRIBUTION, ETC. (IMPRINT)
Date of publication, distribution, etc. 2005
Name of publisher, distributor, etc. ICFAI Press
Place of publication, distribution, etc. Hyderabad
300 ## - PHYSICAL DESCRIPTION
Extent xi, 220
650 ## - SUBJECT ADDED ENTRY--TOPICAL TERM
Topical term or geographic name as entry element ICFAI
942 ## - ADDED ENTRY ELEMENTS (KOHA)
Koha item type Books
Holdings
Date last seen Total Checkouts Full call number Accession number Old discount Uniform Resource Identifier Cost, replacement price Price effective from Category Lost status Damaged status Department Withdrawn status bill no. bill date Permanent Location Current Location Shelving location Entry date Vendor Cost, normal purchase price Grants Currency symbol Conversion rate Discount Discount type
26/01/2024   650 JAY;1 51138   digital/contents/51138.pdf 125.00 26/01/2024 Books     Central Library   ICFAI/108/ICFAI/08-09/BLR 05/12/2011 Central Library Central Library Central Library 30/10/2008 ICFAI Press 125.00 MBA RS 1   Rupees

© For any Suggestions or Query, please contact the library staff @ librarian@pes.edu or Phone: +9180 2672 1983/ 2108.